|
|
|
|
| LEADER |
01166nam a2200301 a 4500 |
| 001 |
1126 |
| 003 |
BD-DhAAL |
| 005 |
20150316120908.0 |
| 008 |
150316s1997 ohua b 001 0 eng |
| 010 |
|
|
|a 96037322
|
| 020 |
|
|
|a 0538844965 (hardcover)
|
| 040 |
|
|
|a DLC
|c DLC
|d DLC
|d BD-DhAAL
|
| 050 |
0 |
0 |
|a HD31
|b .P55 1997
|
| 082 |
0 |
0 |
|a 658.4
|2 21
|
| 100 |
1 |
|
|a Plunkett, W. Richard
|q (Warren Richard)
|9 9757
|
| 245 |
1 |
0 |
|a Management :
|b meeting and exceeding customer expectations /
|c Warren R. Plunkett, Raymond F. Attner.
|
| 250 |
|
|
|a 6th ed.
|
| 260 |
|
|
|a Cincinnati :
|b South-Western College Pub.,
|c c1997.
|
| 300 |
|
|
|a xxi, 760 p. :
|b col. ill. ;
|c 26 cm.
|
| 500 |
|
|
|a Rev. ed. of: Introduction to management. 5th ed. c1994.
|
| 504 |
|
|
|a Includes bibliographical references (p. 707-733) and index.
|
| 541 |
|
|
|e 1126
|
| 650 |
|
0 |
|a Management.
|9 9758
|
| 700 |
1 |
|
|a Attner, Raymond F.
|9 9759
|
| 700 |
1 |
|
|a Plunkett, W. Richard
|q (Warren Richard).
|t Introduction to management.
|9 9760
|
| 942 |
|
|
|2 ddc
|c BK
|
| 999 |
|
|
|c 34072
|d 34072
|
| 952 |
|
|
|0 0
|1 0
|2 ddc
|4 0
|6 658_400000000000000_PLU
|7 0
|9 53163
|a SCL
|b SCL
|c GEN
|d 2015-03-16
|l 0
|o 658.4 PLU
|p 3020001126
|r 2015-03-16
|t 1
|w 2015-03-16
|y BK
|